| 000 | 006290000a22001930004500 | ||
|---|---|---|---|
| 003 | LK-CoMWRAF | ||
| 005 | 20231125153500.0 | ||
| 008 | 230817t1993 ||||| |||| 00| 0 eng d | ||
| 040 |
_aLK-CoMWRAF _dLK-CoMWRAF _eLK-CoMWRAF |
||
| 041 | _aeng | ||
| 082 |
_a371.02 _bBIL |
||
| 100 | _aBillimoria, N.M.P. | ||
| 245 |
_a75 Years at Mount: _ba history of S. Thomas' College, Mount Lavinia, 1918-1993 |
||
| 260 |
_bColombo: _aThe College, _c1993 |
||
| 300 | _axi, 508 p. : ill. ; 23 cm. | ||
| 650 | _aSt. Thomas College (Mount Lavinia, Sri Lanka)--History--20th century. | ||
| 650 | _aPrivate schools-History-Sri Lanka | ||
| 942 | _cBK | ||
| 999 |
_c2379 _d2379 |
||